00000000nam##2200000za#4500
0019.644276
003CaOODSP
00520210624224551
007cr |||||||||||
008150407|1976||||xxc|||||o    f|0| 0 fre|d
040 |aCaOODSP|bfre
043 |an-cn---
0861 |aA53-1284/1976F-PDF
1101 |aCanada.|bAgriculture Canada. |bDirection générale de recherche.
24510|aMéthodes d'appréciation sensorielle des aliments / |h[ressource électronique]|c[par] Elizabeth Larmond.
250 |aImprimé 1969, réimprimé 1976
260 |aOttawa - Ontario : |bAgriculture Canada. |c1976.
300 |a68p.|bill.
500 |aPublication historique numérisée par Agriculture et Agroalimentaire Canada.
590 |a15-03-Supp|b2015-03-13
7201 |aLarmond, Elizabeth
77508|tMethods for sensory evaluation of food / |w(CaOODSP)9.699478
85640|ahttp://publications.gc.ca|qPDF|s3669 Ko|uhttps://publications.gc.ca/collections/collection_2015/aac-aafc/A53-1284-1976-fra.pdf
986 |aPublication 1284